Night of the soul-stealer. #3 / Joseph Delaney.
Available copies
- 2 of 2 copies available at LARL/NWRL Consortium.
- 1 of 1 copy available at Lake Agassiz Regional Library. (Show preferred library)
Current holds
0 current holds with 2 total copies.
Show Only Available Copies
| Location | Call Number / Copy Notes | Barcode | Shelving Location | Status | Due Date |
|---|---|---|---|---|---|
| Moorhead Public Library | J DEL (Text) | 33500013149588 | Main | Available | - |
| Greenbush Public Library | j DEL (Text) | 35500004098511 | Main | Available | - |
Record details
- ISBN: 9780060766269
- ISBN: 9780060766245 (trade bdg.)
- ISBN: 0060766247 (trade bdg.)
- ISBN: 9780060766252 (lib. bdg.)
- ISBN: 0060766255 (lib. bdg.)
- Physical Description: 489 p. : ill. ; 21 cm.
- Edition: 1st American ed.
- Publisher: New York : Greenwillow Books, 2007.
Content descriptions
| General Note: | First published in Great Britain in 2006 by The Bodley Head under the title : The Spook's secret. |
| Summary, etc.: | Tom is dismayed when his master the Spook decrees ... Read More |
Search for related items by subject
| Subject: | Apprentices > Fiction. Supernatural > Fiction. Witches > Fiction. |
Search for related items by series
| LDR | 02078cam a22003978a 4500 | ||
|---|---|---|---|
| 001 | 83375 | ||
| 003 | LARL_NWRL_CONSORTIUM | ||
| 005 | 20191008203731.0 | ||
| 008 | 060928r20072006nyu c 000 1 eng | ||
| 020 | . | ‡a9780060766269 | |
| 020 | . | ‡a9780060766245 (trade bdg.) | |
| 020 | . | ‡a0060766247 (trade bdg.) | |
| 020 | . | ‡a9780060766252 (lib. bdg.) | |
| 020 | . | ‡a0060766255 (lib. bdg.) | |
| 035 | . | ‡a(OCoLC)76263394 | |
| 042 | . | ‡alcac | |
| 082 | 0 | 0. | ‡a[Fic] ‡222 |
| 100 | 1 | . | ‡aDelaney, Joseph, ‡d1945- ‡0(LARL_NWRL_CONSORTIUM)192584 |
| 245 | 1 | 0. | ‡aNight of the soul-stealer. ‡n#3 / ‡cJoseph Delaney. |
| 250 | . | ‡a1st American ed. | |
| 260 | . | ‡aNew York : ‡bGreenwillow Books, ‡c2007. | |
| 300 | . | ‡a489 p. : ‡bill. ; ‡c21 cm. | |
| 490 | 0 | . | ‡aLast apprentice ; ‡v3 |
| 500 | . | ‡aFirst published in Great Britain in 2006 by The Bodley Head under the title : The Spook's secret. | |
| 520 | . | ‡aTom is dismayed when his master the Spook decrees that they will be spending the winter on gloomy and forbidding Anglezarke Moor but soon discovers the reason for his master's decision, as they tangle with two dangerous witches and struggle to keep a dark mage from resurrecting an ancient evil. | |
| 650 | 1. | ‡aApprentices ‡vFiction. ‡0(LARL_NWRL_CONSORTIUM)169016 | |
| 650 | 1. | ‡aSupernatural ‡vFiction. ‡0(LARL_NWRL_CONSORTIUM)167353 | |
| 650 | 1. | ‡aWitches ‡vFiction. ‡0(LARL_NWRL_CONSORTIUM)168002 | |
| 901 | . | ‡a83375 ‡bOCLC ‡c83375 ‡tbiblio | |

Add to basket
Permalink
Disable Highlighting